|
|
|
|
| LEADER |
00000nab a2200000 4500 |
| 001 |
vtls011763672 |
| 003 |
SK-MaSNL |
| 005 |
20260303082115.0 |
| 008 |
180622c2018 xo br|p || ||00 c0ukr |
| 015 |
|
|
|a SNBRB2018/06
|
| 038 |
|
|
|a SVKPOCL
|
| 040 |
|
|
|a SVKPOCL
|b slo
|c SVKPOCL
|e rda
|
| 041 |
0 |
|
|a ukr
|
| 043 |
|
|
|a e-xo---
|
| 044 |
|
|
|a xo
|c SK
|
| 072 |
|
7 |
|a 821.161
|x Východoslovanské literatúry
|2 konspekt
|
| 080 |
|
|
|a 821.161.2-1
|2 2011
|
| 100 |
1 |
|
|a Kostiv-Huska, Hanna Mychajlivna,
|d 1947-
|4 aut
|9 1086485
|
| 245 |
1 |
0 |
|a Toj večir bereznevyj
|c Hanna Kostiv-Huska
|
| 336 |
|
|
|a text
|b txt
|2 rdacontent
|
| 337 |
|
|
|a bez média
|b n
|2 rdamedia
|
| 338 |
|
|
|a zväzok
|b nc
|2 rdacarrier
|
| 500 |
|
|
|a V rubrike Hej, chto v sviti, ozovysja!
|
| 500 |
|
|
|a Kostiv-Huska, Hanna pozri Kostiv-Huska, Hanna Mychajlivna
|
| 650 |
0 |
7 |
|a ukrajinská poézia
|2 SNKPH
|9 59029
|
| 650 |
0 |
7 |
|a ukrajinská literatúra
|2 SNKPH
|9 1218
|
| 650 |
0 |
7 |
|a ukrajinské básne
|2 svkpocl
|9 857154
|
| 773 |
0 |
|
|t Duklja
|g Rik vydannja 66, No 3 (2018), s. 72, 73
|x 0419-8131
|
| 852 |
|
|
|a SVKPO
|b KIS3GCP
|
| 958 |
|
|
|a UA
|
| 958 |
|
|
|a SS
|
| 958 |
|
|
|a LX
|
| 999 |
|
|
|c 1786821
|d 1788751
|